Szczegóły MARC21

WSPÓŁCZESNE problemy gospodarki światowej /

005 -DATA I CZAS OSTATNIEJ MODYFIKACJI [,]
    • @
    • pole kontrolne
    • 20070315155141.9
040 -Instytucja sporządzająca opis [ , ]
    • a
    • Instytucja, która sporządziła opis (NP)
    • SZCZ U
    • c
    • Instytucja, która sporządziła rekord (NP)
    • SZCZ U
041 -Język dokumentu [0, ]
    • a
    • Język tekstu (P)
    • polski
    • h
    • Język tekstu oryginalnego i/lub pośredniego (P)
    • polski
942 -Rodzaj dokumentu [ , ]
    • c
    • Rodzaj dokumentu
    • Książka
245 -Strefa tytułu i oznaczenia odpowiedzialności [0, ]
    • a
    • Tytuł
    • WSPÓŁCZESNE problemy gospodarki światowej / Find
    • c
    • Pozostałe elementy strefy tytułu i oznaczenia odpowiedzialności (NP)
    • red. Janusz Skodlarski.
260 -Strefa adresu wydawniczego [ , ]
    • a
    • Miejsce wydania (P)
    • Łódź :
    • b
    • Nazwa wydawcy (P)
    • UŁ,
    • c
    • Data wydania (P)
    • 2003.
300 -Strefa opisu fizycznego [ , ]
    • a
    • Określenie formy książki i/lub objętość (NP)
    • 122 :
    • c
    • Format (NP)
    • 24 cm.
490 -Strefa serii i książki wielotomowej - forma nie do wyszukiwania [0, ]
    • z
    • Numer rekordu powiązanego
    • 119356
    • a
    • Tytuł (P)
    • (Acta Universitatis Lodziensis = Zeszyty Naukowe UŁ. FOLIA Oeconomica ; Find
    • y
    • Zob. egzemplarze
    • 195
    • x
    • ISSN (NP)
    • 0208-6018)
    • v
    • Numeracja (P)
    • 169,
500 -Uwaga ogólna [ , ]
    • a
    • Uwaga ogólna (NP)
    • Summ
080 -Uniwersalna Klasyfikacja Dziesiętna [ , ]
    • a
    • Symbol klasyfikacji
    • 339.9
    • 9
    • UKD
    • 3336
    • 2
    • Identyfikator wydania tablic
    • UDC-P058
    • b
    • Dopowiedzenie
    • Gospodarka zagraniczna w ogólności. Międzynarodowe stosunki gospodarcze. Gospodarka światowa. Międzynarodowy podział pracy. Liberalizacja handlu.
980 -Symbol UKD [ , ]
    • a
    • UKD
    • 339.9
700 -Hasło dodatkowe - nazwa osobowa [ , ]
    • a
    • Nazwa osobowa (NP)
    • Skodlarski Janusz Find
Data inwentaryzacji Lokalizacja Numer tomu Status udost. Powiązanie z serią Numer inwentarzowy Sygnatura
2004-06-21Tc169-11195Tc.1437Tc.346